Odakuzhal (Record no. 120064)

MARC details
000 -LEADER
fixed length control field 00395nam a2200121Ia 4500
008 - FIXED-LENGTH DATA ELEMENTS--GENERAL INFORMATION
fixed length control field 211119s9999||||xx |||||||||||||| ||und||
082 ## - DEWEY DECIMAL CLASSIFICATION NUMBER
Classification number 894.8121
Item number SAN-O
100 ## - MAIN ENTRY--PERSONAL NAME
Personal name Sankrakurup, G
245 #0 - TITLE STATEMENT
Title Odakuzhal
260 ## - PUBLICATION, DISTRIBUTION, ETC.
Name of publisher, distributor, etc. M Pub
Place of publication, distribution, etc. Kozhikode
Date of publication, distribution, etc. 1966
650 ## - SUBJECT ADDED ENTRY--TOPICAL TERM
Topical term or geographic name entry element Literature & rhetoric
942 ## - ADDED ENTRY ELEMENTS (KOHA)
Koha item type BOOK
650 ## - SUBJECT ADDED ENTRY--TOPICAL TERM
Form subdivision Literatures of other languagesAltaic, Uralic, Hyperborean & Dravidian Generalia
General subdivision General stack
Holdings
Withdrawn status Lost status Damaged status Not for loan Home library Current library Date acquired Cost, normal purchase price Total Checkouts Full call number Barcode Shelving location Date last seen Date last checked out Price effective from Koha item type
        SB LIBRARY SB LIBRARY 19/11/2021 100.00 1 894.8121 SAN-O 00133553 GENERAL STACK 04/01/2024 20/12/2023 19/11/2021 BOOK

Powered by Koha